| 000 | 00930nam a22002417i 4500 | ||
|---|---|---|---|
| 999 |
_c22833 _d22833 |
||
| 003 | AR-CdUCM | ||
| 008 | 240419b20222022pe ||||| |||| 00| 0 spa d | ||
| 040 |
_aMUNICIPALIDAD PROVINCIAL DEL CUSCO _cBIBLIOTECA MUNICIPAL DEL CUSCO |
||
| 082 |
_a985.613 / M2A _bM2A |
||
| 100 |
_aAguilar Flores, José Domingo _949580 |
||
| 245 |
_aVisión de Maranganí : _bBicentenario 2021 / |
||
| 260 |
_aCusco : _c2022 |
||
| 300 |
_a164 páginas. : _c29.7 cm. |
||
| 500 | _zBibliografía: página 164. | ||
| 505 | _aEl origen de Maranganí -- Bicentenario -- Ley general de comunidades campesinas -- La reforma agraria -- SAIS Maranganí | ||
| 650 |
_aBicentenario - Nacional 1821- 2021 _949581 |
||
| 650 |
_aQakakuy Banquete Público Indígena _949582 |
||
| 650 |
_aEl origen de Maranganí _949583 |
||
| 650 |
_aLas comunidades campesinas _949584 |
||
| 650 |
_aEl Código Civil _949585 |
||
| 942 |
_2ddc _cLIBROS |
||
| 945 |
_apbj _d2024-04-19 |
||